00726nam a2200241 a 4500001001300000003000900013005001700022008004100039020002300080082001600103100001600119245005800135260004000193300000900233500003500242505002100277650002100298700001600319902000800335942000700343952011700350999001700467nice12345678IN_TiNIC20260116014136.0090106s2007 newa grp 000 0 eng  a8125032673 c55000a306.44bRAS aRasool, Naz aGlobal Issues in Languages, Education and Development aNew Delhi bOrient Blackswan c2007 a291p aincludes index and biblioraphy2 areference, index aLanguage-Culture1 aRasool, Naz bSRS cBK 001040708StackRoom-aHMIbHMId2009-01-06g550.00l0o306.44 RASp022560r2009-01-06v550.00w2009-01-06yBK c14058d14058